Statistics for Click the Country's Best FIFA World Cup Result

Click here to take the quiz!

General Stats

  • This quiz has been taken 20 times
  • The average score is 10 of 16

Answer Stats

HintAnswer% Correct
EswatiniNever Qualified
100%
SpainWinner
90%
BrazilWinner
90%
ArgentinaWinner
85%
New ZealandGroup Stage
75%
IranGroup Stage
70%
NetherlandsRunner-up
70%
GhanaQuarter-Finalist
65%
SwedenRunner-up
65%
TunisiaGroup Stage
60%
North KoreaQuarter-Finalist
60%
Bulgaria4th
50%
South Korea4th
50%
United States3rd
40%
Chile3rd
35%
CubaQuarter-Finalist
20%

Score Distribution

Percentile by Number Answered

Percent of People with Each Score

Your Score History

You have not taken this quiz